[Event "Chioggia op-B 15th"]
[Site "Chioggia"]
[Date "2022.10.01"]
[Round "2"]
[White "Pieropan, Giorgio"]
[Black "Nallo, Federico"]
[Result "0-1"]
[WhiteElo "1738"]
[BlackElo "1606"]
[PlyCount "90"]
[EventDate "2022.09.30"]
[EventType "swiss"]
[EventRounds "5"]
[EventCountry "ITA"]
[SourceTitle "EXT 2024"]
[Source "ChessBase"]
[SourceDate "2023.10.10"]
[SourceVersion "1"]
[SourceVersionDate "2023.10.10"]
[SourceQuality "1"]

1. e4 c5 2. Nf3 Nc6 3. Bb5 g6 4. 0-0 Bg7 5. c3 e5 6. d3 Nge7 7. Be3 d6 8. d4 cxd4 9. cxd4 a6 10. Bxc6+ Nxc6 11. dxe5 0-0 12. Nc3 dxe5 13. Nd5 Bg4 14. Bb6 Bxf3 15. Qxf3 Nd4 16. Qd3 Qh4 17. f4 f5 18. Bxd4 fxe4 19. Qc4 exd4 20. Nc7+ Kh8 21. Nxa8 Rxa8 22. f5 e3 23. g3 Qg5 24. fxg6 Qxg6 25. Qe2 Re8 26. Rad1 Qe4 27. Rf4 Qc6 28. Rdf1 Qb5 29. Qf3 e2 30. Re1 d3 31. Re4 Rxe4 32. Qxe4 Qc5+ 33. Kg2 Qc6 34. Qxc6 bxc6 35. Kf3 Bxb2 36. Rb1 Bc3 37. Kf2 Bd4+ 38. Ke1 c5 39. g4 c4 40. h4 Bc3+ 41. Kf2 e1Q+ 42. Rxe1 Bxe1+ 43. Kxe1 c3 44. h5 h6 45. Kd1 Kg7 0-1

[Event "Chioggia op-B 11th"]
[Site "Chioggia"]
[Date "2016.10.08"]
[Round "2"]
[White "Pieropan, Giorgio"]
[Black "Luu, Marianna"]
[Result "1/2-1/2"]
[WhiteElo "1848"]
[BlackElo "1508"]
[PlyCount "114"]
[EventDate "2016.10.07"]
[EventType "swiss"]
[EventRounds "5"]
[EventCountry "ITA"]
[SourceTitle "EXT 2022"]
[Source "ChessBase"]
[SourceDate "2021.10.06"]
[SourceVersion "1"]
[SourceVersionDate "2021.10.06"]
[SourceQuality "1"]

1. e4 e5 2. d4 exd4 3. c3 d5 4. Qxd4 dxe4 5. Qxe4+ Qe7 6. Bd3 Nf6 7. Qe2 Qxe2+ 8. Nxe2 Bc5 9. 0-0 0-0 10. b4 Bd6 11. Bg5 Ng4 12. Ng3 h6 13. Bd2 Ne5 14. Bf5 Nc4 15. Bxc8 Nxd2 16. Bxb7 Nxf1 17. Kxf1 Nd7 18. Bxa8 Rxa8 19. Nd2 Be5 20. Rc1 Bf6 21. Rc2 Nb6 22. Ne2 Bg5 23. f4 Be7 24. Nd4 Nd5 25. Nc4 Nxf4 26. Ne3 Re8 27. g3 Ng6 28. Nd5 Bd6 29. Nc6 a6 30. Re2 Ne5 31. Nxe5 Rxe5 32. Rxe5 Bxe5 33. c4 Kf8 34. Kg2 c6 35. Ne3 Ke8 36. a4 Kd7 37. h3 Kc7 38. g4 Bc3 39. b5 Kb6 40. Kf3 Bd2 41. Nf5 axb5 42. axb5 Bc3 43. Nd6 cxb5 44. cxb5 Bf6 45. Ke4 Kc5 46. Nxf7 Kxb5 47. Kf5 Bb2 48. Nd6+ Kc6 49. Nf7 Kd7 50. Kg6 Ke7 51. Nxh6 gxh6 52. Kxh6 Kf7 53. Kh7 Bc1 54. h4 Kf6 55. Kg8 Kg6 56. Kf8 Bf4 57. Ke7 Bg5+ 1/2-1/2

[Event "Chioggia op-B 11th"]
[Site "Chioggia"]
[Date "2016.10.07"]
[Round "1"]
[White "Paparella, Nicole Samantha"]
[Black "Pieropan, Giorgio"]
[Result "1/2-1/2"]
[WhiteElo "1714"]
[BlackElo "1848"]
[PlyCount "174"]
[EventDate "2016.10.07"]
[EventType "swiss"]
[EventRounds "5"]
[EventCountry "ITA"]
[SourceTitle "EXT 2022"]
[Source "ChessBase"]
[SourceDate "2021.10.06"]
[SourceVersion "1"]
[SourceVersionDate "2021.10.06"]
[SourceQuality "1"]

1. e4 d5 2. exd5 Qxd5 3. Nc3 Qd8 4. g3 Nf6 5. Bg2 g6 6. d3 Bg7 7. Nf3 0-0 8. 0-0 Nc6 9. Bf4 a6 10. Qd2 Re8 11. Rfe1 Bg4 12. Bh6 e5 13. Bxg7 Kxg7 14. h3 Bc8 15. Rad1 Qd6 16. Ne4 Nxe4 17. dxe4 Qxd2 18. Rxd2 f6 19. a3 Be6 20. Red1 Rad8 21. h4 Bg4 22. Rxd8 Rxd8 23. Rxd8 Nxd8 24. Nd2 Nc6 25. c3 Bd1 26. Kf1 Bg4 27. Bf3 Be6 28. Ke2 h6 29. Ke3 Kf7 30. Be2 Ke7 31. b4 Na7 32. a4 b5 33. axb5 axb5 34. Nb1 Kd6 35. Na3 c6 36. c4 bxc4 37. Nxc4+ Bxc4 38. Bxc4 Nc8 39. g4 Nb6 40. Bf7 g5 41. h5 c5 42. bxc5+ Kxc5 43. Kd3 Kb4 44. f3 Na4 45. Bd5 Nb6 46. Be6 Na8 47. Bf7 Nc7 48. Ba2 Nb5 49. Bb1 Nd4 50. Ke3 Kc3 51. Bd3 Nb3 52. Bb1 Kb2 53. Bd3 Nd4 54. Bc4 Kc3 55. Bf1 Nc2+ 56. Kf2 Kd2 57. Bb5 Na3 58. Ba4 Nb1 59. Bb3 Nc3 60. Bc4 Nd1+ 61. Kg3 Ke3 62. Bb3 Nb2 63. Bc2 Kd2 64. Bb3 Nd3 65. Bc4 Nb2 66. Bb3 Nd3 67. Bc4 Nf4 68. Kf2 Kc3 69. Bf1 Kd4 70. Ba6 Kc3 71. Ke3 Kc2 72. Bb5 Kd1 73. Kf2 Kd2 74. Ba6 Nd3+ 75. Kg3 Ke3 76. Bxd3 Kxd3 77. Kh3 Kd2 78. Kh2 Ke3 79. Kg3 Kd3 80. Kh3 Kd2 81. Kh2 Ke1 82. Kg1 Ke2 83. Kg2 Ke3 84. Kg3 Kd3 85. Kh3 Kc3 86. Kg3 Kd2 87. Kh2 Ke2 1/2-1/2

[Event "Chioggia op-A 06th"]
[Site "Chioggia"]
[Date "2011.10.08"]
[Round "3"]
[White "Pieropan, Giorgio"]
[Black "Zamengo, Bruno"]
[Result "0-1"]
[WhiteElo "1778"]
[BlackElo "1931"]
[PlyCount "78"]
[EventDate "2011.10.07"]
[EventType "swiss"]
[EventRounds "5"]
[EventCountry "ITA"]
[SourceTitle "EXT 2022"]
[Source "ChessBase"]
[SourceDate "2021.10.06"]
[SourceVersion "1"]
[SourceVersionDate "2021.10.06"]
[SourceQuality "1"]

1. c4 e5 2. Nc3 f5 3. e4 Nf6 4. d3 fxe4 5. Nxe4 d6 6. Nxf6+ Qxf6 7. Qf3 Be7 8. Qxf6 Bxf6 9. Bd2 b6 10. Be2 e4 11. dxe4 Bb7 12. Bf3 Bxb2 13. Rb1 Bf6 14. Ne2 0-0 15. 0-0 Re8 16. Ng3 Be5 17. Rfe1 Nd7 18. Kh1 Nc5 19. Be3 Bxg3 20. Bxc5 Bxh2 21. Bb4 Be5 22. c5 dxc5 23. Bxc5 Rad8 24. Be3 h6 25. Bh5 Re7 26. f3 Rd3 27. Bg4 Bg3 28. Rbd1 Ra3 29. Rd8+ Kf7 30. Red1 Bc6 31. Bh5+ g6 32. Bg4 h5 33. Bh3 Ba4 34. Bh6 Re8 35. Rxe8 Bxd1 36. Rh8 Bb3 37. Rh7+ Kg8 38. Rg7+ Kh8 39. Rxc7 Bxc7 0-1

[Event "Chioggia op-B 05th"]
[Site "Chioggia"]
[Date "2010.10.10"]
[Round "5"]
[White "Bozzao, Francesco"]
[Black "Pieropan, Giorgio"]
[Result "1-0"]
[WhiteElo "1893"]
[BlackElo "1715"]
[PlyCount "119"]
[EventDate "2010.10.08"]
[EventType "swiss"]
[EventRounds "5"]
[EventCountry "ITA"]
[SourceTitle "EXT 2022"]
[Source "ChessBase"]
[SourceDate "2021.10.06"]
[SourceVersion "1"]
[SourceVersionDate "2021.10.06"]
[SourceQuality "1"]

1. e4 c5 2. Nf3 d6 3. d4 cxd4 4. Nxd4 Nf6 5. Nc3 a6 6. Bg5 e6 7. f4 h6 8. Bxf6 Qxf6 9. Qd2 Nc6 10. Nxc6 bxc6 11. 0-0-0 Qd8 12. Bc4 Be7 13. Kb1 Rb8 14. Bb3 0-0 15. g4 d5 16. f5 Bf6 17. exd5 cxd5 18. fxe6 fxe6 19. Qe1 Kh8 20. h4 Bxc3 21. Qxc3 Qf6 22. Qd3 Qe7 23. g5 h5 24. Rde1 Qd7 25. Rhf1 Rxf1 26. Rxf1 Bb7 27. Qg6 Qe8 28. Rf7 Qg8 29. Qxh5+ Qh7 30. Qxh7+ Kxh7 31. h5 Kg8 32. Re7 Rf8 33. Kc1 Bc8 34. Kd2 Rf7 35. Re8+ Rf8 36. Rxf8+ Kxf8 37. Ke3 Bd7 38. c4 dxc4 39. Bxc4 a5 40. Kf4 Be8 41. h6 gxh6 42. gxh6 Kg8 43. Bxe6+ Kh7 44. Kg5 Bc6 45. b3 Be8 46. Bf5+ Kh8 47. Kf6 Kg8 48. Ke5 Kh8 49. Kd4 Bf7 50. Bb1 Bh5 51. Kc5 Be8 52. Kb6 a4 53. b4 a3 54. b5 Bf7 55. Kc7 Be6 56. b6 Bd5 57. b7 Bg8 58. h7 Bf7 59. b8Q+ Kg7 60. h8Q# 1-0

[Event "Chioggia op-B 05th"]
[Site "Chioggia"]
[Date "2010.10.08"]
[Round "1"]
[White "Bonan, Yves"]
[Black "Pieropan, Giorgio"]
[Result "1-0"]
[WhiteElo "1872"]
[BlackElo "1715"]
[PlyCount "87"]
[EventDate "2010.10.08"]
[EventType "swiss"]
[EventRounds "5"]
[EventCountry "ITA"]
[SourceTitle "EXT 2022"]
[Source "ChessBase"]
[SourceDate "2021.10.06"]
[SourceVersion "1"]
[SourceVersionDate "2021.10.06"]
[SourceQuality "1"]

1. Nf3 Nf6 2. g3 d5 3. Bg2 Nc6 4. 0-0 e5 5. d3 h6 6. b3 Bd6 7. c4 d4 8. Nfd2 0-0 9. Ne4 Nxe4 10. Bxe4 Ne7 11. a3 Rb8 12. b4 c5 13. b5 b6 14. Nd2 Bb7 15. a4 f5 16. Bxb7 Rxb7 17. a5 Qe8 18. axb6 axb6 19. Ra6 Qg6 20. Ba3 e4 21. Nb3 Rf6 22. dxe4 fxe4 23. Ra8+ Kh7 24. Qb1 Re6 25. Nd2 Rb8 26. Rxb8 Bxb8 27. Nb3 Bd6 28. Nd2 Kh8 29. Bc1 Ng8 30. Qa1 h5 31. Qa8 h4 32. Kg2 Kh7 33. f4 Qg4 34. Nxe4 Qxe2+ 35. Nf2 Qxc4 36. f5 Re2 37. Qc6 Nf6 38. Qxd6 Rxf2+ 39. Rxf2 Qxc1 40. Qf4 Qxf4 41. Rxf4 hxg3 42. hxg3 Nd5 43. Rh4+ Kg8 44. Kf3 1-0

[Event "Basso Veronese  op-B 3rd"]
[Site "Verona"]
[Date "2010.06.06"]
[Round "6"]
[White "Pieropan, Giorgio"]
[Black "Magnabosco, Mauro Denis"]
[Result "1/2-1/2"]
[WhiteElo "1673"]
[BlackElo "1440"]
[PlyCount "44"]
[EventDate "2010.05.29"]
[EventType "swiss"]
[EventRounds "6"]
[EventCountry "ITA"]
[SourceTitle "EXT 2011"]
[Source "ChessBase"]
[SourceDate "2010.11.26"]
[SourceVersion "1"]
[SourceVersionDate "2010.11.26"]
[SourceQuality "1"]

1. e4 e5 2. Bc4 Nc6 3. c3 Nf6 4. d3 d6 5. Nf3 Be7 6. h3 a6 7. b4 0-0 8. Nbd2 d5 9. Bb3 d4 10. cxd4 Nxd4 11. a3 Nxb3 12. Nxb3 Bd6 13. Be3 Re8 14. Rc1 Bd7 15. Nbd2 Bb5 16. Qb3 Qd7 17. 0-0 h6 18. Nh4 Bf8 19. Nc4 Ba4 20. Qc3 Bd6 21. Bd2 Kh7 22. Nf5 Ng8 1/2-1/2

[Event "Basso Veronese  op-B 3rd"]
[Site "Verona"]
[Date "2010.06.05"]
[Round "4"]
[White "Pieropan, Giorgio"]
[Black "Benaddi, Redouane"]
[Result "1-0"]
[WhiteElo "1673"]
[BlackElo "1800"]
[PlyCount "66"]
[EventDate "2010.05.29"]
[EventType "swiss"]
[EventRounds "6"]
[EventCountry "ITA"]
[SourceTitle "EXT 2011"]
[Source "ChessBase"]
[SourceDate "2010.11.26"]
[SourceVersion "1"]
[SourceVersionDate "2010.11.26"]
[SourceQuality "1"]

1. e4 d6 2. d4 g6 3. c3 Bg7 4. Bd3 e5 5. dxe5 dxe5 6. Bb5+ Nd7 7. Be3 c6 8. Bc4 Ne7 9. Ne2 0-0 10. Qd2 Kh8 11. Bh6 f5 12. Bxg7+ Kxg7 13. f3 Qb6 14. b4 fxe4 15. Qg5 Rf6 16. Ng3 exf3 17. Nh5+ Kf8 18. Nxf6 Nxf6 19. Qxf6+ Ke8 20. Bf7+ Kd8 21. Qxf3 Bf5 22. Nd2 Nd5 23. Bxd5 cxd5 24. Qxd5+ Ke8 25. Qxe5+ Kf7 26. Qd5+ Ke8 27. Nc4 Qf6 28. Qe5+ Kf7 29. Nd6+ Kg7 30. Qxf6+ Kxf6 31. Nxf5 Kxf5 32. 0-0+ Ke4 33. Rf7 Rc8 1-0

[Event "Basso Veronese  op-B 3rd"]
[Site "Verona"]
[Date "2010.05.29"]
[Round "1"]
[White "Pieropan, Giorgio"]
[Black "Avanzini, Angelo"]
[Result "1-0"]
[WhiteElo "1673"]
[BlackElo "1410"]
[PlyCount "87"]
[EventDate "2010.05.29"]
[EventType "swiss"]
[EventRounds "6"]
[EventCountry "ITA"]
[SourceTitle "EXT 2011"]
[Source "ChessBase"]
[SourceDate "2010.11.26"]
[SourceVersion "1"]
[SourceVersionDate "2010.11.26"]
[SourceQuality "1"]

1. e4 e5 2. d4 exd4 3. c3 d5 4. Qxd4 Nc6 5. Qxd5 Qxd5 6. exd5 Ne5 7. Bf4 Bd6 8. Bb5+ Bd7 9. Bxe5 Bxe5 10. Bxd7+ Kxd7 11. Nf3 Re8 12. 0-0 f6 13. Nbd2 Bf4 14. Nb3 Nh6 15. Nfd4 Nf7 16. Ne6 Rhg8 17. Nxf4 Ng5 18. Ne6 Nxe6 19. dxe6+ Kd6 20. Rad1+ Kxe6 21. Nc5+ Kf7 22. Nxb7 Re7 23. Nc5 Rge8 24. h3 Re2 25. Rd7+ R8e7 26. Rxe7+ Kxe7 27. Rb1 Kd6 28. Nd3 Rd2 29. Ne1 c5 30. Nf3 Re2 31. Rd1+ Ke7 32. Re1 Rxe1+ 33. Nxe1 a5 34. Kf1 c4 35. Ke2 Kd6 36. Ke3 Ke5 37. Nc2 f5 38. g3 g5 39. f4+ Kf6 40. fxg5+ Kxg5 41. Na3 h5 42. Nxc4 h4 43. Kf3 hxg3 44. Kxg3 1-0